|
|
|
|
| LEADER |
00000cas#a2200000#a#4500 |
| 001 |
025091 |
| 003 |
AR-BeUNQ |
| 005 |
20251201151502.0 |
| 008 |
130903c19959999ag ar|pee|| a0|||b0spa#d |
| 999 |
|
|
|c 27801
|d 110607
|
| 022 |
|
|
|a 0328-8773
|
| 040 |
|
|
|a AR-BeUNQ
|e aacr
|
| 210 |
1 |
0 |
|a Mora (B. Aires)
|
| 245 |
0 |
0 |
|a Mora.
|
| 260 |
|
|
|a Buenos Aires :
|b Facultad de Filosofía y Letras, Universidad de Buenos Aires,
|
| 300 |
|
|
|a v. ;
|
| 310 |
|
|
|a Anual
|
| 362 |
0 |
|
|a No. 1 (ago. 1995)-.
|
| 650 |
|
7 |
|a Mujeres
|2 spines
|
| 650 |
|
7 |
|a Género
|2 toit
|
| 650 |
|
7 |
|a Aspectos sociales
|2 spines
|
| 650 |
|
7 |
|a Cultura
|2 spines
|
| 650 |
|
7 |
|a Filosofía
|2 spines
|
| 650 |
|
7 |
|a Literatura (Arte)
|2 spines
|
| 710 |
2 |
|
|a Universidad de Buenos Aires.
|b Facultad de Filosofía y Letras.
|
| 856 |
|
|
|u http://revistascientificas.filo.uba.ar/index.php/mora/index
|
| 866 |
|
|
|a 1995 (1); 2000 (6); 2001 (7); 2005 (11)
|
| 929 |
|
|
|j 4981300001
|a DONACION
|e 20130822
|b Sara Pérez
|g 2396 827-0387/98
|f PAT0050208
|
| 929 |
|
|
|j 4981300002
|a DONACION
|e 20130822
|b Sara Pérez
|g 2396 827-0387/98
|f PAT0007152
|
| 929 |
|
|
|j 4981300003
|a DONACION
|e 20130822
|b Sara Pérez
|g 2396 827-0387/98
|f PAT007153
|
| 929 |
|
|
|j 4981300004
|f PAT0050209
|g 2396
|
| 942 |
|
|
|c REV
|